[Rezension von: Behr, Rafael, 1958-, Cop culture - der Alltag des Gewaltmonopols]

Saved in:  
Bibliographic Details
Main Author: Feest, Johannes 1939- (Author)
Contributors: Behr, Rafael 1958- (Bibliographic antecedent)
Format: Print Review
Language:German
Published: 2001
In: Kriminologisches Journal
Year: 2001, Volume: 33, Issue: 1, Pages: 62-64
Check availability: HBZ Gateway
Keywords:

MARC

LEADER 00000naa a2200000 c 4500
001 1945907681
003 DE-627
005 20251211135226.0
007 tu
008 251211s2001 xx ||||| o 00| ||ger c
035 |a (DE-627)1945907681 
035 |a (DE-599)KXP1945907681 
040 |a DE-627  |b ger  |c DE-627  |e rda 
041 |a ger 
084 |a 2,1  |2 ssgn 
100 1 |a Feest, Johannes  |d 1939-  |e VerfasserIn  |0 (DE-588)1034945262  |0 (DE-627)746522738  |0 (DE-576)382568397  |4 aut 
109 |a Feest, Johannes 1939-  |a Feest, Johannes B. 1939-  |a Feest, J. 1939- 
245 1 0 |a [Rezension von: Behr, Rafael, 1958-, Cop culture - der Alltag des Gewaltmonopols]  |c Johannes Feest, Bremen 
264 1 |c 2001 
336 |a Text  |b txt  |2 rdacontent 
337 |a ohne Hilfsmittel zu benutzen  |b n  |2 rdamedia 
338 |a Band  |b nc  |2 rdacarrier 
655 7 |a Rezension  |0 (DE-588)4049712-4  |0 (DE-627)106186019  |0 (DE-576)209083166  |2 gnd-content 
700 1 |a Behr, Rafael  |d 1958-  |e VerfasserIn des Bezugswerks  |0 (DE-588)121994392  |0 (DE-627)081669488  |0 (DE-576)171498437  |4 ant 
773 0 8 |i Enthalten in  |t Kriminologisches Journal  |d Weinheim : Beltz Juventa, 1969  |g 33(2001), 1, Seite 62-64  |w (DE-627)130092207  |w (DE-600)500591-7  |w (DE-576)018208223  |x 0341-1966  |7 nnas 
773 1 8 |g volume:33  |g year:2001  |g number:1  |g pages:62-64 
787 0 8 |i Rezension von  |a Behr, Rafael, 1958 -   |t Cop culture - der Alltag des Gewaltmonopols  |d Opladen : Leske + Budrich, 2000  |h 259 Seiten  |w (DE-627)31192476X  |w (DE-576)083438173  |z 9783810026811  |z 3810026816 
951 |a AR 
ELC |b 1 
LOK |0 000 xxxxxcx a22 zn 4500 
LOK |0 001 4826570538 
LOK |0 003 DE-627 
LOK |0 004 1945907681 
LOK |0 005 20251211135226 
LOK |0 008 251211||||||||||||||||ger||||||| 
LOK |0 040   |a DE-2619  |c DE-627  |d DE-2619 
LOK |0 092   |o n 
LOK |0 852   |a DE-2619 
LOK |0 852 1  |9 00 
LOK |0 939   |a 11-12-25  |b l01 
ORI |a SA-MARC-krimdoka001.raw